000 01093 a2200169 4500
003 NUST
005 20221229165943.0
040 _cNust
082 _a356.1,INF
100 _aErwin
_9106431
245 _aInfantry in battle /
260 _aWashington
_bUnited state
_c1934
300 _a386,p.;
505 _aObscurity (Page-1), Simplicity (Page-16), Rules (Page-34), Surprise (Page-48), Mobility (Page-61), Terrain (Page-73), Miracles (Page-83), Decisions (Page-93), Optimism and tenacity (Page-108), Orders (Page-122), Counter orders (Page-137), Supervision (Page-146), Control (Page-156), Command and Communication (Page-170), Action and Morale (Page-184), Nearing the Enemy (Page-193), The Advanced to the Attack (Page-207), Battle Reconnaissance (Page-218), Time and Space (Page-237), Direction (Page-250), The Plan (Page-266), Scheme of maneuver and Main Effort (Page-278), Fire (Page-290), Fire of Machine Guns (Page-306), Infiltration (Page-317), Infantry- Artillery Team (Page-335), Night Attacks (Page-359).
650 _aInfantry in battle
_9106432
942 _2ddc
_cBK
_k356.1,INF
999 _c185600
_d185600